Don Bernardo O'Higgins (Record no. 167200)

MARC details
000 -LEADER
campo de control de longitud fija 00710nam a22001815i 4500
001 - NÚMERO DE CONTROL
campo de control 167200
003 - IDENTIFICADOR DE NÚMERO DE CONTROL
campo de control ES-MaACL
005 - FECHA Y HORA DE LA ÚLTIMA TRANSACCIÓN
campo de control 20230906213457.0
008 - DATOS DE LONGITUD FIJA--INFORMACIÓN GENERAL
campo de control de longitud fija 050921s1880 cl | |||||||| ||spa d
040 ## - FUENTE DE CATALOGACIÓN
Centro catalogador/agencia de origen CAM
Lengua de catalogación spa
Centro/agencia transcriptor CAM
100 1# - ENTRADA PRINCIPAL--NOMBRE DE PERSONA
Nombre de persona Vera, Robustiano.
9 (RLIN) 113952
245 10 - MENCIÓN DEL TÍTULO
Título Don Bernardo O'Higgins
Resto del título : reseña histórica política /
Mención de responsabilidad, etc. por Robustiano Vera.
250 ## - MENCION DE EDICION
Mención de edición 2ª ed.
260 ## - PUBLICACIÓN, DISTRIBUCIÓN, ETC.
Lugar de publicación, distribución, etc. Santiago de Chile :
Nombre del editor, distribuidor, etc. [s.n.],
Fecha de publicación, distribución, etc. 1880 (
Fabricante Imprenta de La República)
300 ## - DESCRIPCIÓN FÍSICA
Extensión 128 p. ;
Dimensiones 17 cm.
600 14 - PUNTO DE ACCESO ADICIONAL DE MATERIA--NOMBRE DE PERSONA
Nombre de persona O'Higgins, Bernardo-
Subdivisión general Biografías.
9 (RLIN) 130576
852 ## - LOCALIZACIÓN
Ubicación ES-MaACL
Número de control de estantería T-479-F-5
Nota libre -- Enc. hol., falto de la cub. original
-- -- An. ms.: ded. del autor a Manuel Torres Campos
-- -- Enc. en un vol. facticio
Holdings
Estatus retirado Estado de pérdida Estado de daño No para préstamo Colección Biblioteca de origen Biblioteca actual Ubicación en estantería Fecha de adquisición Total de préstamos Signatura topográfica completa Código de barras Visto por última vez Precio de reemplazo Tipo de ítem Koha
        Colección de folletos Biblioteca del Ateneo de Madrid Biblioteca del Ateneo de Madrid Depósito folletos 17/01/2008   T-479-F-5 1175393 23/02/2023 23/02/2023 Folleto